[Event "Tokyo Summer op"]
[Site "Tokyo"]
[Date "2018.07.16"]
[Round "4"]
[White "Katsuta, Yuki"]
[Black "Matsumura, Cocoro"]
[Result "1-0"]
[WhiteElo "2055"]
[BlackElo "1652"]
[PlyCount "61"]
[EventDate "2018.07.15"]
[EventType "swiss"]
[EventRounds "6"]
[EventCountry "JPN"]
[SourceTitle "EXT 2019"]
[Source "ChessBase"]
[SourceDate "2018.10.10"]
[SourceVersion "1"]
[SourceVersionDate "2018.10.10"]
[SourceQuality "1"]

1. d4 Nf6 2. c4 c5 3. d5 b5 4. cxb5 e6 5. Nc3 exd5 6. Nxd5 Bb7 7. Bg5 Bxd5 8. Bxf6 Qxf6 9. Qxd5 Qxb2 10. Qe4+ Be7 11. Rb1 Qxa2 12. Nf3 d5 13. Qf5 0-0 14. Rd1 Bf6 15. e3 Bc3+ 16. Nd2 d4 17. Bd3 g6 18. Qg4 dxe3 19. fxe3 Rd8 20. Qe4 Qd5 21. Qxd5 Rxd5 22. Be4 Rxd2 23. Rxd2 Bxd2+ 24. Kxd2 Nc6 25. bxc6 a5 26. Rb1 Kg7 27. c7 Rc8 28. Rb7 a4 29. Ra7 a3 30. Kc2 c4 31. Bc6 1-0

[Event "Tokyo Summer op"]
[Site "Tokyo"]
[Date "2018.07.16"]
[Round "6"]
[White "Katsuta, Yuki"]
[Black "Sawabe, Ikuta"]
[Result "1/2-1/2"]
[WhiteElo "2055"]
[BlackElo "1236"]
[PlyCount "54"]
[EventDate "2018.07.15"]
[EventType "swiss"]
[EventRounds "6"]
[EventCountry "JPN"]
[SourceTitle "EXT 2019"]
[Source "ChessBase"]
[SourceDate "2018.10.10"]
[SourceVersion "1"]
[SourceVersionDate "2018.10.10"]
[SourceQuality "1"]

1. d4 d5 2. Bf4 Nf6 3. e3 Bd7 4. c4 e6 5. Nf3 c5 6. Nc3 cxd4 7. exd4 Bb4 8. Bd3 0-0 9. 0-0 Bc6 10. a3 dxc4 11. Bxc4 Bxc3 12. bxc3 Nbd7 13. Re1 Rc8 14. Ba2 Nb6 15. Ne5 Bd5 16. Qd3 Bxa2 17. Rxa2 Qd5 18. Rc2 Nc4 19. Nxc4 Rxc4 20. Re5 Qc6 21. Qg3 Rc8 22. Bh6 g6 23. h4 Rxd4 24. cxd4 Qxc2 25. Rc5 Qd1+ 26. Kh2 Rd8 27. f3 Qxd4 1/2-1/2

[Event "JPN-ch"]
[Site "Tokyo"]
[Date "2018.05.01"]
[Round "5"]
[White "Katsuta, Yuki"]
[Black "Kojima, Natsumi"]
[Result "1-0"]
[WhiteElo "1883"]
[BlackElo "1635"]
[PlyCount "95"]
[EventDate "2018.04.29"]
[EventType "swiss"]
[EventRounds "11"]
[EventCountry "JPN"]
[SourceTitle "CBM 184 Extra"]
[Source "ChessBase"]
[SourceDate "2018.06.28"]
[SourceVersion "1"]
[SourceVersionDate "2018.06.28"]
[SourceQuality "1"]

1. d4 Nf6 2. c4 c5 3. d5 e6 4. Nc3 exd5 5. cxd5 d6 6. e4 g6 7. f4 a6 8. Nf3 Bg7 9. e5 dxe5 10. fxe5 Nh5 11. Bg5 Qa5 12. Qa4+ Qxa4 13. Nxa4 0-0 14. Nb6 Ra7 15. Nxc8 Rxc8 16. g4 Bxe5 17. gxh5 Bxb2 18. Rd1 Re8+ 19. Kf2 f6 20. Bf4 Nd7 21. hxg6 hxg6 22. Rg1 Kf7 23. Bh3 b5 24. Be6+ Kg7 25. Bf5 Ne5 26. Bxe5 fxe5 27. Rxg6+ Kf8 28. Rdg1 e4 29. Rg8+ Kf7 30. Be6+ Rxe6 31. dxe6+ Kxe6 32. R1g6+ Kd5 33. Rd8+ Kc4 34. Nd2+ Kb4 35. Nxe4 c4 36. Rc8 Ka3 37. Ke3 Kxa2 38. Rcc6 Bc1+ 39. Ke2 Rh7 40. Rxa6+ Kb3 41. Rg3+ Kb4 42. h3 Re7 43. Kf3 c3 44. Rc6 Bb2 45. Kf4 Rf7+ 46. Ke3 Re7 47. Kd3 Rd7+ 48. Kc2 1-0

[Event "JPN-ch"]
[Site "Tokyo"]
[Date "2018.04.30"]
[Round "4"]
[White "Asaka, Samuel"]
[Black "Katsuta, Yuki"]
[Result "1-0"]
[WhiteElo "2070"]
[BlackElo "1883"]
[PlyCount "93"]
[EventDate "2018.04.29"]
[EventType "swiss"]
[EventRounds "11"]
[EventCountry "JPN"]
[SourceTitle "CBM 184 Extra"]
[Source "ChessBase"]
[SourceDate "2018.06.28"]
[SourceVersion "1"]
[SourceVersionDate "2018.06.28"]
[SourceQuality "1"]

1. d4 e6 2. e4 d5 3. Nd2 a6 4. Ngf3 Nf6 5. e5 Nfd7 6. Bd3 c5 7. c3 Nc6 8. 0-0 g5 9. dxc5 Bxc5 10. Nb3 Be7 11. Qe2 h5 12. Bc2 g4 13. Nfd4 Ndxe5 14. f3 gxf3 15. Nxf3 Ng4 16. h3 Qb6+ 17. Nfd4 e5 18. hxg4 exd4 19. Qf2 Be6 20. g5 0-0-0 21. Nxd4 Nxd4 22. Be3 Ne2+ 23. Qxe2 Bc5 24. Bxc5 Qxc5+ 25. Qf2 Qxf2+ 26. Rxf2 Rhg8 27. g6 fxg6 28. Rf6 Kd7 29. Re1 Bg4 30. Bxg6 Rdf8 31. Bf7 Rh8 32. Ref1 Ke7 33. Rb6 Rxf7 34. Rxb7+ Bd7 35. Rxf7+ Kxf7 36. Rxd7+ Ke6 37. Ra7 Rb8 38. Rxa6+ Kf5 39. b4 Rc8 40. Ra3 Ke4 41. b5 Kd3 42. b6 Rb8 43. Rb3 Rb7 44. Kf2 h4 45. Kf3 h3 46. gxh3 Rf7+ 47. Kg4 1-0